MARC

LEADER 00000nam0a2200000 4500
001 326476
005 20231102003851.0
035 |a (RuTPU)RU\TPU\book\352124 
035 |a RU\TPU\book\148195 
090 |a 326476 
100 |a 20161228d1979 k y0rusy50 ca 
101 0 |a rus 
102 |a RU 
105 |a a z 001zy 
200 1 |a Полупроводниковая электроника  |e сборник научных трудов  |f Ленинградский электротехнический институт (ЛЭТИ) ; под ред. В. В. Пасынкова 
210 |a Ленинград  |c Изд-во ЛЭТИ  |d 1979 
215 |a 180 с.  |c ил. 
225 1 |a Известия Ленинградского электротехнического института (ЛЭТИ)  |v Вып. 250 
320 |a Библиография в конце статей 
606 1 |a Электроника полупроводниковая  |2 stltpush  |3 (RuTPU)RU\TPU\subj\20334  |9 45443 
610 1 |a полупроводниковые приборы 
610 1 |a расчеты 
610 1 |a производство 
610 1 |a конструирование 
610 1 |a применение 
610 1 |a широкозонные материалы 
610 1 |a карбид кремния 
610 1 |a фосфид галлия 
610 1 |a нитрид галлия 
675 |a 621.382  |v 3 
702 1 |a Пасынков  |b В. В.  |4 340 
712 0 2 |a Ленинградский электротехнический институт (ЛЭТИ)  |2 stltpush  |3 (RuTPU)RU\TPU\col\289 
801 1 |a RU  |b 63413507  |c 20080426  |g PSBO 
801 2 |a RU  |b 63413507  |c 20170116  |g PSBO 
942 |c BK